000 00828pam a2200265 a 4500
001 564906
003 ARRUPE
005 20150818175028.0
008 890110s1989 nyu b 001 0 eng
010 _a 89030198
020 _a0231064187
040 _aDLC
_cDLC
_dDLC
050 0 0 _aB808.67
_bM49 1989
082 0 0 _a128
_219
100 1 _aMeyers, Diana T.
_9714
245 1 0 _aSelf, society, and personal choice
_cDiana T. Meyers.
260 _aNew York :
_bColumbia University Press,
_cc1989.
300 _axiii, 287 p. ;
_c24 cm.
500 _aIncludes index.
504 _aBibliography: p. [273]-279.
650 0 _aAutonomy (Philosophy)
_9715
906 _a7
_bcbc
_corignew
_d1
_eocip
_f19
_gy-gencatlg
942 _2lcc
_cMONOGRAPH
999 _c117914
_d117914